Lil Uzi Vert - Top 25 najczęściej odtwarzanych piosenek - Statystyki

Ogólne statystyki
  • Ten quiz został rozwiązany 54 razy
  • Średni wynik to 10 z 25
Statystyki odpowiedzi
Hint Odpowiedź % Poprawnych
Luv Is Rage 2 20 Min
89%
Pink Tape Just Wanna Rock
74%
Luv Is Rage 2 The Way Life Goes
63%
Lil Uzi Vert vs. The World Money Longer
61%
Luv Is Rage 2 XO Tour Llif3
58%
The Perfect LUV Tape Erase Your Social
50%
LUV vs. the World 2 Myron
47%
Eternal Atake Homecoming
45%
Luv Is Rage 2 Neon Guts
45%
Lil Uzi Vert vs. The World Ps & Qs
45%
Luv Is Rage 7AM
42%
Singiel Sanguine Paradise
42%
Luv Is Rage 2 Sauce It Up
39%
Eternal Atake Baby Pluto
37%
Singiel New Patek
34%
Eternal Atake Silly Watch
32%
Luv Is Rage Top
29%
Pluto x Baby Pluto Drankin N Smokin
26%
Eternal Atake That Way
26%
Singiel Watch This
26%
Eternal Atake Futsal Shuffle 2020
24%
Luv Is Rage 2 Dark Queen
21%
Lil Uzi Vert vs. The World You Was Right
21%
The Perfect LUV Tape Do What I Want
18%
Eternal Atake P2
18%
Nie znaleziono quizów pasujących do podanych kryteriów
Rozkład punktacji
Procent ludzi z każdym wynikiem
Percentyl według liczby udzielonych odpowiedzi
Twoja historia wyników
Nie rozwiązałeś tego quizu